header

Exploring Ottoman sovereignty (Record no. 144060)

MARC details
000 -LEADER
fixed length control field 01654nam a2200409 a 4500
082 04 - DEWEY DECIMAL CLASSIFICATION NUMBER
Classification number 956.015
100 1# - MAIN ENTRY--AUTHOR NAME
Personal name Murphey, Rhoads,
245 10 - TITLE STATEMENT
Title Exploring Ottoman sovereignty
260 ## - PUBLICATION, DISTRIBUTION, ETC. (IMPRINT)
Place of publication London ;
-- New York :
Name of publisher Continuum,
Year of publication 2008.
300 ## - PHYSICAL DESCRIPTION
Number of Pages xvi, 352 p. :
Other physical details ill., maps.
650 #0 - SUBJECT ADDED ENTRY--TOPICAL TERM
Topical Term Sultans
Topical Term Sovereignty.
856 40 - ELECTRONIC LOCATION AND ACCESS
Uniform Resource Identifier http://site.ebrary.com/lib/rucke/Doc?id=10427039

No items available.

© 2026 Rongo University
Contact us: librarian | system librarian | Rongo university